Fundamentals of tribology (Record no. 67485)

000 -LEADER
fixed length control field 00457nam a22001697a 4500
003 - CONTROL NUMBER IDENTIFIER
control field NUST - PNEC
005 - DATE AND TIME OF LATEST TRANSACTION
control field 20170116181023.0
008 - FIXED-LENGTH DATA ELEMENTS--GENERAL INFORMATION
fixed length control field 150916b xxu||||| |||| 00| 0 eng d
040 ## - CATALOGING SOURCE
Transcribing agency 9788120327238
082 ## - DEWEY DECIMAL CLASSIFICATION NUMBER
Classification number 621.89 BAS
100 ## - MAIN ENTRY--PERSONAL NAME
9 (RLIN) 10746
Personal name Basu, S.K.
245 ## - TITLE STATEMENT
Title Fundamentals of tribology
Statement of responsibility, etc. S.K. Basu
260 ## - PUBLICATION, DISTRIBUTION, ETC.
Place of publication, distribution, etc. New Delhi:
Name of publisher, distributor, etc. PHI Learning,
Date of publication, distribution, etc. c2005.
300 ## - PHYSICAL DESCRIPTION
Extent 259 p. :
650 ## - SUBJECT ADDED ENTRY--TOPICAL TERM
9 (RLIN) 10747
Topical term or geographic name entry element Tribology, Mechanical works
General subdivision ME
942 ## - ADDED ENTRY ELEMENTS (KOHA)
Source of classification or shelving scheme
Koha item type Book
Holdings
Withdrawn status Lost status Source of classification or shelving scheme Damaged status Not for loan Permanent Location Current Location Shelving location Date acquired Total Checkouts Full call number Barcode Date last seen Price effective from Koha item type
          Pakistan Navy Engineering College (PNEC) Pakistan Navy Engineering College (PNEC)       621.89 BAS PNECLIB-030491 09/16/2015   Book
          Pakistan Navy Engineering College (PNEC) Pakistan Navy Engineering College (PNEC)       621.89 BAS PNECLIB-030492 09/16/2015   Book
          Pakistan Navy Engineering College (PNEC) Pakistan Navy Engineering College (PNEC)       621.89 BAS PNECLIB-030493 09/16/2015   Book
© 2023 Central Library, National University of Sciences and Technology. All Rights Reserved.